[Event "FIDE World Blitz 2014"]
[Site "Dubai UAE"]
[Date "2014.06.19"]
[Round "5.9"]
[White "Morozevich,A"]
[Black "Polgar,Ju"]
[Result "1/2-1/2"]
[WhiteElo "2731"]
[BlackElo "2685"]

1.e4 c5 2.b3 Nc6 3.Bb2 d6 4.f4 a6 5.Nf3 e6 6.Qe2 Nf6 7.Nc3 Be7 8.O-O-O O-O
9.g4 d5 10.g5 Nh5 11.Qf2 Nxf4 12.Qg3 Bd6 13.Qe1 d4 14.e5 Bc7 15.Ne4 Nxe5
16.Nxe5 Bxe5 17.Nxc5 Qd5 18.Ne4 d3 19.c4 Bxb2+ 20.Kxb2 Qd4+ 21.Nc3 e5 22.Qe3 Bf5
23.h4 Rad8 24.Rh2 Rfe8 25.a4 Qxe3 26.dxe3 Nh5 27.e4 Bg4 28.Rxd3 Nf4 29.Rxd8 Rxd8
30.Nd5 Bf3 31.Rf2 Bxe4 32.Nxf4 exf4 33.Rxf4 Bc6 34.Kc3 Kf8 35.Bd3 Ke7 36.a5 h6
37.gxh6 gxh6 38.b4 Rc8 39.Rf5 Kf8 40.b5 Bd7 41.Rd5 Bxb5 42.Rd6 Kg7 43.Kd4 Bc6
44.c5 Re8 45.Bc4 Re4+ 46.Kc3 Rxh4 47.Bd5 Ra4 48.Bxc6 bxc6 49.Rxc6 Rxa5 50.Kc4 h5
51.Rd6 h4 52.c6 Ra1 53.Rd3 Rc1+ 54.Kd5 Kg6 55.Kd6 Kg5 56.c7 Kg4 57.Rd5 Rxc7
58.Kxc7 h3 59.Rd4+ Kg3 60.Rd3+ Kg4 61.Rd4+ Kg5 62.Rd3 Kg4 63.Rd4+ Kg3 64.Rd3+ Kg2
65.Rd2+ Kg3 66.Rd3+  1/2-1/2

[Event "FIDE World Blitz 2014"]
[Site "Dubai UAE"]
[Date "2014.06.19"]
[Round "6.9"]
[White "Van Wely,L"]
[Black "Morozevich,A"]
[Result "1-0"]
[WhiteElo "2654"]
[BlackElo "2731"]

1.Nf3 d5 2.d4 Bf5 3.c4 e6 4.Nc3 Nf6 5.Bf4 Bd6 6.Bxd6 Qxd6 7.e3 O-O 8.Rc1 c6
9.Be2 Nbd7 10.O-O h6 11.Qb3 Rab8 12.Rfd1 a6 13.a4 a5 14.h3 Rfe8 15.Qa2 Bg6
16.b3 Bh5 17.Ne1 Bxe2 18.Qxe2 dxc4 19.bxc4 e5 20.d5 e4 21.dxc6 Qxc6 22.Nd5 Nc5
23.Rb1 b6 24.Nc2 Nxd5 25.cxd5 Qg6 26.Nd4 Nxa4 27.Nc6 Nc3 28.Qc4 Nxd1 29.Rxd1 Rb7
30.Qb5 Qd6 31.Nxa5 Rbb8 32.Nc6 Rb7 33.Na5 Qd7 34.Nc6 Kh7 35.Kh2 Qd6+ 36.Kg1 Ra8
37.Qc4 f5 38.Nd4 Rc7 39.Qb3 g6 40.Nb5 Qc5 41.Nxc7 Qxc7 42.d6 Qd7 43.Qxb6 Rd8
44.Qc5 Qe6 45.Rd4 Rd7 46.g3 Kg7 47.h4 Kf7 48.Qc6 g5 49.h5 Kg7 50.Qc8 f4 51.Rxe4 Qxd6
52.Rd4  1-0

[Event "FIDE World Blitz 2014"]
[Site "Dubai UAE"]
[Date "2014.06.19"]
[Round "7.17"]
[White "Morozevich,A"]
[Black "Vallejo Pons,F"]
[Result "0-1"]
[WhiteElo "2731"]
[BlackElo "2698"]

1.e4 e5 2.Nf3 Nc6 3.c3 d5 4.Qa4 f6 5.d3 Ne7 6.Be2 Be6 7.O-O Qd7 8.Nbd2 a6
9.Re1 O-O-O 10.b4 Kb8 11.Rb1 Nd4 12.b5 axb5 13.Qd1 Nxe2+ 14.Qxe2 dxe4 15.dxe4 Qd3
16.Qd1 Qxb1 17.Nxb1 Rxd1 18.Rxd1 Nc6 19.a3 Be7 20.Be3 b6 21.Ne1 Na5 22.f4 Nc4
23.Bc1 exf4 24.Bxf4 Bc5+ 25.Kf1 Be3 26.Bg3 Kc8 27.Nf3 Rd8 28.Rxd8+ Kxd8 29.Ke2 Bc5
30.e5 Nxa3 31.Nxa3 Bxa3 32.exf6 gxf6 33.Nd4 Bd5 34.Bxc7+ Kxc7 35.Nxb5+ Kc6
36.Nxa3 Bxg2 37.Nc2 Kc5 38.Ne3 Be4 39.Kf2 Kb5 40.Kg3 Ka4 41.Kf4 f5 42.Ke5 b5
43.Kd4 Kb3 44.Nf1 Kc2 45.Ng3 h6 46.h4 Kd2 47.Nh5 Ke2 48.Ng7 Kf3 49.Ne8 Kg4
50.Nd6 Kxh4 51.Nxb5 Kg3 52.Ke3 h5 53.Nd4 h4 54.Ne2+ Kg4 55.Ng1 Bd5 56.Kd4 Bb7
57.c4 f4 58.Kd3 f3 59.Ke3 Kg3 60.c5 Bc6  0-1

[Event "FIDE World Blitz 2014"]
[Site "Dubai UAE"]
[Date "2014.06.19"]
[Round "8.26"]
[White "Matlakov,M"]
[Black "Morozevich,A"]
[Result "1-0"]
[WhiteElo "2689"]
[BlackElo "2731"]

1.c4 b6 2.Nf3 Bb7 3.d4 e6 4.e3 f5 5.Be2 Nf6 6.O-O Be7 7.Nc3 O-O 8.d5 Na6
9.a3 Nc5 10.b4 Nce4 11.Bb2 Nxc3 12.Bxc3 Ne4 13.Bb2 Bf6 14.Qc2 Bxb2 15.Qxb2 exd5
16.Rfd1 Qf6 17.Rd4 dxc4 18.Bxc4+ Kh8 19.Qb3 c5 20.Rdd1 Rad8 21.Rac1 f4 22.exf4 Qxf4
23.Bd5 Bxd5 24.Qxd5 Nf6 25.Qb3 d6 26.Rc4 Qf5 27.Rc2 Rfe8 28.Rcd2 d5 29.h3 h6
30.bxc5 bxc5 31.Qb7 d4 32.Qxa7 Ne4 33.Re2 d3 34.Re3 c4 35.Qb6 Nc3 36.Rde1 Ne2+
37.Kh1 c3 38.Nh4 Qxf2 39.Rxe8+  1-0

[Event "FIDE World Blitz 2014"]
[Site "Dubai UAE"]
[Date "2014.06.19"]
[Round "9.35"]
[White "Morozevich,A"]
[Black "Al Modiahki,M"]
[Result "1/2-1/2"]
[WhiteElo "2731"]
[BlackElo "2549"]

1.e4 c5 2.b3 Nc6 3.Bb2 d6 4.f4 Nf6 5.e5 dxe5 6.fxe5 Nd5 7.Nf3 Bg4 8.Bb5 Qb6
9.Na3 a6 10.Bxc6+ Qxc6 11.h3 Bh5 12.O-O O-O-O 13.Qe1 Nf4 14.e6 f6 15.Qe3 g5
16.Rae1 Bh6 17.Qe4 Qxe4 18.Rxe4 Bxf3 19.Rxf3 Rxd2 20.Rf2 Rhd8 21.Nc4 Rxf2
22.Kxf2 b5 23.Nb6+ Kb7 24.Nd7 Bg7 25.Nxc5+ Kc6 26.Rd4 Rxd4 27.Bxd4 Kd5 28.Be3 Nxe6
29.Nxa6 Nd8 30.Nb4+ Kd6 31.g4 Nc6 32.Nd3 e6 33.Kf3 h6 34.Ke4 Ne7 35.Bc5+ Kd7
36.Bxe7 Kxe7 37.a4 bxa4 38.bxa4 Kd6 39.a5 Kc6 40.a6 Bf8 41.c4 Kb6 42.Ne1 Kxa6
43.Nf3 Bc5 44.Nd2 Kb6 45.Kd3 Kc6 46.Ne4 Be7 47.Kd4 f5 48.gxf5 exf5 49.Ng3 Bf6+
50.Kd3 f4 51.Nf5 h5 52.Ke4 Kc5 53.h4 g4 54.Kxf4 Kxc4 55.Ng3 Bxh4 56.Nxh5 g3  1/2-1/2

[Event "FIDE World Blitz 2014"]
[Site "Dubai UAE"]
[Date "2014.06.19"]
[Round "10.36"]
[White "Kryvoruchko,Y"]
[Black "Morozevich,A"]
[Result "0-1"]
[WhiteElo "2707"]
[BlackElo "2731"]

1.e4 c5 2.Nf3 e6 3.Nc3 Nc6 4.Bb5 Nd4 5.O-O a6 6.Bd3 Ne7 7.Nxd4 cxd4 8.Ne2 Nc6
9.c3 Qb6 10.Bc2 Be7 11.d3 O-O 12.Kh1 dxc3 13.bxc3 e5 14.d4 d6 15.Be3 Qc7
16.f4 Na5 17.Bf2 Be6 18.Bg3 exd4 19.cxd4 Rac8 20.Rc1 Bg4 21.h3 Bh5 22.e5 Qd7
23.Qd3 g6 24.f5 dxe5 25.Bxe5 Bxe2 26.Qxe2 Nc6 27.fxg6 hxg6 28.Bb3 Nxe5 29.dxe5 Rxc1
30.Rxc1 Qd4 31.Rf1 Kg7 32.Rd1 Qf4 33.Rf1 Qd4 34.Rd1 Qh4 35.e6 f5 36.Rd7 Rc8
37.Qd2 b5 38.Kh2 Kf8 39.Qd4 Qxd4 40.Rxd4 a5 41.Rd5 a4 42.Bd1 Rc1 43.g4 fxg4
44.hxg4 Kg7 45.g5 Rc5 46.Rxc5 Bxc5 47.Be2 b4 48.Bb5 b3 49.Bc4 b2 50.Bd3 Be7
51.Kg3 Bxg5 52.Kg4 Be7 53.Kf4 Kf6 54.Kg4 g5 55.Bf5 Ke5 56.Bc2 Kxe6 57.Bb1 Ke5
58.Kf3 Kd4 59.Bf5 Kc3 60.Ke2 g4 61.Bb1 g3 62.Kf3 Bd6  0-1

[Event "FIDE World Blitz 2014"]
[Site "Dubai UAE"]
[Date "2014.06.19"]
[Round "11.27"]
[White "Morozevich,A"]
[Black "Ipatov,Alexander"]
[Result "1/2-1/2"]
[WhiteElo "2731"]
[BlackElo "2613"]

1.d4 d5 2.c4 e6 3.Nc3 Nf6 4.cxd5 exd5 5.Bg5 Be7 6.e3 c6 7.Qc2 Nbd7 8.Bd3 Nf8
9.Nf3 Ne6 10.Bh4 g6 11.O-O-O Ng7 12.h3 Bf5 13.g4 Bxd3 14.Qxd3 Nd7 15.Bg3 Nb6
16.Kb1 Bd6 17.Bxd6 Qxd6 18.e4 O-O-O 19.e5 Qb4 20.Ng5 Qe7 21.f4 Ne6 22.Nxe6 fxe6
23.f5 gxf5 24.gxf5 exf5 25.Rhf1 Rhf8 26.b3 f4 27.Ne2 f3 28.Rxf3 Rxf3 29.Qxf3 Rf8
30.Qe3 Qf7 31.Rg1 Qf5+ 32.Kc1 Nd7 33.Rg7 Qf1+ 34.Kd2 Qb1 35.e6 Nf6 36.e7 Qb2+
37.Ke1 Qb1+ 38.Nc1 Re8 39.Qe6+ Kc7 40.Qxf6 Qxc1+ 41.Kf2 Qd2+ 42.Kg3 Qe3+
43.Kh4 Kd7 44.Qf5+ Qe6 45.Qxh7 Qe1+ 46.Kh5 Qe2+ 47.Kg5 Qe3+ 48.Kg6 Qe4+ 49.Kg5 Qe3+
50.Kg6 Qe4+ 51.Kg5 Qe3+ 52.Kg6  1/2-1/2

[Event "FIDE World Blitz 2014"]
[Site "Dubai UAE"]
[Date "2014.06.20"]
[Round "12.27"]
[White "Ragger,M"]
[Black "Morozevich,A"]
[Result "0-1"]
[WhiteElo "2632"]
[BlackElo "2731"]

1.d4 Nf6 2.c4 e6 3.Nf3 d5 4.g3 dxc4 5.Bg2 b5 6.Ne5 c6 7.b3 cxb3 8.axb3 Bb7
9.O-O Be7 10.Ba3 O-O 11.Bxe7 Qxe7 12.Qd2 Rc8 13.Rc1 a6 14.b4 Qd6 15.e3 Nbd7
16.Nd3 e5 17.Qb2 exd4 18.Qxd4 Qxd4 19.exd4 Nd5 20.Nd2 N7b6 21.Nb3 Ra7 22.Nbc5 h6
23.h4 Rc7 24.Nxb7 Raxb7 25.Rxa6 Rb8 26.Bxd5 Nxd5 27.Raxc6 Rd7 28.Rc8+ Rd8
29.Rxb8 Rxb8 30.Rc5 Nf6 31.Ne5 Ne4 32.Rc7 f6 33.Nc6 Ra8 34.Ne7+ Kf8 35.Ng6+ Kg8
36.Ne7+ Kf8 37.Nf5 g6 38.Nxh6 Ra1+ 39.Kg2 Ra2 40.Ng4 f5 41.Ne5 Rxf2+ 42.Kh3 Rd2
43.Nxg6+ Ke8 44.h5 Ng5+ 45.Kh4 Nf3+ 46.Kh3 Rh2+  0-1

[Event "FIDE World Blitz 2014"]
[Site "Dubai UAE"]
[Date "2014.06.20"]
[Round "13.21"]
[White "Morozevich,A"]
[Black "Milov,V"]
[Result "1-0"]
[WhiteElo "2731"]
[BlackElo "2622"]

1.e4 c5 2.b3 d6 3.Bb2 Nf6 4.Bb5+ Bd7 5.Bxd7+ Nbxd7 6.d3 g6 7.f4 Bg7 8.Nf3 O-O
9.Qe2 e5 10.f5 d5 11.O-O c4 12.Nbd2 cxd3 13.cxd3 Rc8 14.Rac1 Qa5 15.a4 Qa6
16.Ba3 Rfe8 17.Rxc8 Rxc8 18.exd5 Nxd5 19.Nc4 Nc5 20.Bxc5 Rxc5 21.fxg6 hxg6
22.Ng5 Nf4 23.Rxf4 Bh6 24.Rg4 b5 25.axb5 Qa1+ 26.Qf1  1-0

[Event "FIDE World Blitz 2014"]
[Site "Dubai UAE"]
[Date "2014.06.20"]
[Round "14.16"]
[White "Sokolov,Ivan"]
[Black "Morozevich,A"]
[Result "0-1"]
[WhiteElo "2650"]
[BlackElo "2731"]

1.d4 d5 2.Nf3 Bf5 3.c4 e6 4.Nc3 Nf6 5.Bg5 c6 6.Qb3 Qb6 7.c5 Qc7 8.Nh4 Bg6
9.Bf4 Qxf4 10.Qxb7 Qxh4 11.Qxa8 Nd7 12.e3 Be7 13.Qxa7 O-O 14.Be2 e5 15.Rd1 exd4
16.exd4 Bf6 17.O-O Bxd4 18.g3 Qf6 19.Na4 Re8 20.Bg4 Nf8 21.Rd2 h5 22.Bh3 h4
23.b4 hxg3 24.hxg3 Be4 25.Bg2 Nbd7 26.Qc7 Be5 27.Qb7 Rb8 28.Qa7 Rxb4 29.Bxe4 Rxe4
30.Nb6 Qe6 31.Nxd7 Nxd7 32.a4 Nf6 33.a5 Qh3 34.Qa8+ Kh7 35.Qd8 Rh4  0-1

[Event "FIDE World Blitz 2014"]
[Site "Dubai UAE"]
[Date "2014.06.20"]
[Round "15.11"]
[White "Morozevich,A"]
[Black "Cheparinov,I"]
[Result "1-0"]
[WhiteElo "2731"]
[BlackElo "2682"]

1.e4 c5 2.b3 b6 3.Bb2 Bb7 4.Nc3 Nc6 5.f4 e6 6.Nf3 Nge7 7.Qe2 a6 8.O-O-O Nd4
9.Qf2 Nec6 10.Nxd4 Nxd4 11.Bd3 Qc7 12.Rde1 O-O-O 13.Kb1 Kb8 14.Ne2 Nc6 15.f5 Ne5
16.Nf4 Bd6 17.Rhf1 Ka8 18.h3 b5 19.Be2 Rc8 20.Bd1 c4 21.d4 cxd3 22.Nxd3 f6
23.Qd2 Rhd8 24.g4 Nxd3 25.cxd3 Qb6 26.Bf3 e5 27.d4 exd4 28.Bxd4 Bc5 29.Bb2 b4
30.e5 fxe5 31.Rxe5 d5 32.Rd1 Rd7 33.Re6 Qb5 34.Be2 Qa5 35.Rc1 d4 36.Qd3 Rdc7
37.Bf3 Ka7 38.Bxb7 Rxb7 39.Bxd4 Rbc7 40.Re5 Qb6 41.Rcxc5 Rxc5 42.Rxc5 Rxc5
43.Qe3  1-0

[Event "FIDE World Blitz 2014"]
[Site "Dubai UAE"]
[Date "2014.06.20"]
[Round "16.9"]
[White "Sargissian,G"]
[Black "Morozevich,A"]
[Result "0-1"]
[WhiteElo "2686"]
[BlackElo "2731"]

1.d4 Nf6 2.Nf3 c5 3.d5 g6 4.Nc3 Bg7 5.e4 O-O 6.Be2 d6 7.O-O Na6 8.h3 Nc7
9.a4 b6 10.Bf4 a6 11.Bc4 Rb8 12.e5 Nfe8 13.Qe2 Qd7 14.Bd3 b5 15.axb5 axb5
16.Ra7 b4 17.Ne4 Rb7 18.e6 fxe6 19.Rxb7 Bxb7 20.dxe6 Nxe6 21.Bc1 N8c7 22.Neg5 Nxg5
23.Nxg5 h6 24.Bxg6 hxg5 25.Qh5 Rf6 26.Qh7+ Kf8 27.Bxg5 Rxg6 28.Qxg6 Qe6 29.Qh5 Qd5
30.Qg4 Ne6 31.Be3 Bxb2 32.Bh6+ Ke8 33.Re1 Be5 34.f4 Qd4+ 35.Kh1 Nxf4 36.Qg8+ Kd7
37.Bxf4 Qxf4 38.Kg1 Qh2+ 39.Kf1 Qh1+ 40.Ke2 Qxg2+ 41.Qxg2 Bxg2 42.h4 Be4
43.Kd2 d5 44.h5 Bc3+  0-1

[Event "FIDE World Blitz 2014"]
[Site "Dubai UAE"]
[Date "2014.06.20"]
[Round "17.6"]
[White "Morozevich,A"]
[Black "Caruana,F"]
[Result "1-0"]
[WhiteElo "2731"]
[BlackElo "2791"]

1.d4 d6 2.Nf3 Nf6 3.c4 g6 4.Nc3 Bf5 5.h3 Bg7 6.g4 Bc8 7.e4 h5 8.g5 Nfd7 9.Be3 c5
10.d5 Na6 11.Bg2 O-O 12.O-O Nc7 13.a4 Rb8 14.Nh4 e5 15.dxe6 Nxe6 16.f4 Bd4
17.Bxd4 Nxd4 18.Nb5 Re8 19.Nxd6 Re6 20.e5 Nf8 21.Ne4 Rb6 22.Rf2 Be6 23.Nxc5 Bxc4
24.Rc1 Ne2+ 25.Kh2 Nxc1 26.Qxc1 Qd4 27.Ne4 Ne6 28.Rd2 Qe3 29.Rd8+ Rxd8 30.Qxe3 Rxb2
31.f5 gxf5 32.Nxf5 Bf1 33.Nh4 Rd3 34.Nf6+ Kg7 35.Qe4 Nxg5 36.Qf5 Rxh3+ 37.Kg1 Nf3+
38.Nxf3  1-0

[Event "FIDE World Blitz 2014"]
[Site "Dubai UAE"]
[Date "2014.06.20"]
[Round "18.2"]
[White "Carlsen,M"]
[Black "Morozevich,A"]
[Result "1/2-1/2"]
[WhiteElo "2881"]
[BlackElo "2731"]

1.d4 Nf6 2.c4 c5 3.Nf3 cxd4 4.Nxd4 a6 5.Nc3 e6 6.e4 Qc7 7.a3 b6 8.Be3 Bb7
9.f3 Nc6 10.Rc1 Nxd4 11.Bxd4 Bd6 12.g3 h5 13.Qd2 h4 14.g4 Bf4 15.Be3 Bxe3
16.Qxe3 Qc5 17.Kf2 Bc6 18.Be2 a5 19.e5 Ng8 20.b4 axb4 21.axb4 Qxb4 22.Ra1 Ne7
23.Rxa8+ Bxa8 24.Rb1 Qa5 25.Qxb6 Qxb6+ 26.Rxb6 O-O 27.f4 g5 28.fxg5 Ng6 29.Rb5 Bc6
30.Ra5 Rb8 31.Nb5 Nxe5 32.Nd4 Ng6 33.Ke3 Rb2 34.Rc5 Ne7 35.Ra5 Kg7 36.Ra7 Kg6
37.Nxc6 Nxc6 38.Rxd7 Ne5 39.Rd2 Rxd2 40.Kxd2 Kxg5 41.Ke3 Nd7 42.Bf3 f5 43.gxf5 Kxf5
44.Bc6 Ne5 45.Be4+ Kf6 46.c5 Ng4+ 47.Kf4 Nxh2 48.c6 Ke7 49.Kg5 Kd6 50.Kxh4 Nf1
51.Kg5 Nd2 52.Bg2 Ke5  1/2-1/2

[Event "FIDE World Blitz 2014"]
[Site "Dubai UAE"]
[Date "2014.06.20"]
[Round "20.6"]
[White "Grischuk,A"]
[Black "Morozevich,A"]
[Result "0-1"]
[WhiteElo "2792"]
[BlackElo "2731"]

1.c4 g6 2.Nc3 Bg7 3.d4 d6 4.e4 Nf6 5.Nf3 O-O 6.h3 e5 7.d5 a5 8.Bg5 Na6 9.Be2 Nc5
10.Nd2 Bd7 11.g4 c6 12.h4 a4 13.a3 Qa5 14.Kf1 cxd5 15.cxd5 b5 16.Be3 Rab8
17.h5 b4 18.axb4 Rxb4 19.Bxc5 Qxc5 20.g5 Ne8 21.Bg4 f5 22.gxf6 Nxf6 23.Bxd7 Nxd7
24.Rh2 gxh5 25.Nxa4 Qd4 26.b3 Nf6 27.Rc1 Ng4  0-1

[Event "FIDE World Blitz 2014"]
[Site "Dubai UAE"]
[Date "2014.06.20"]
[Round "21.2"]
[White "Nepomniachtchi,I"]
[Black "Morozevich,A"]
[Result "1-0"]
[WhiteElo "2730"]
[BlackElo "2731"]

1.e4 c5 2.Nf3 e6 3.d4 cxd4 4.Nxd4 Nc6 5.Nc3 Qc7 6.Be3 a6 7.Qd2 Nf6 8.O-O-O Be7
9.f3 b5 10.g4 Nxd4 11.Bxd4 Bb7 12.Bd3 O-O 13.g5 Nh5 14.Ne2 b4 15.Kb1 a5 16.Be3 f5
17.exf5 exf5 18.Rhf1 f4 19.Bg1 Bxg5 20.Nd4 Nf6 21.Qg2 h6 22.Nf5 Nd5 23.h4 Rxf5
24.Bxf5 Bf6 25.Qg6 Rd8 26.Qh7+ Kf8 27.Rfe1 Ne7 28.Be4 Bxe4 29.Rxe4 d5 30.Re6 Kf7
31.Bb6 Qd7 32.Rxf6+ Kxf6 33.Bd4+ Ke6 34.Qxg7 Kd6 35.Qxh6+ Qe6 36.Qxf4+ Kd7
37.h5 Nf5 38.Bb6 Rc8 39.Qe4 Nd6 40.Qxd5 Qxd5 41.Rxd5 Kc6 42.Rd1 Rh8 43.Bxa5 Rxh5
44.Bxb4  1-0